Zákazové dopravní značky - Statistics

General Stats
  • This quiz has been taken 15 times
  • The average score is 7 of 40
Answer Stats
Picture Answer % Correct
Zákaz vjezdu všech vozidel
79%
Zákaz odbočení vpravo
43%
Zákaz stání
43%
Zákaz vjezdu jízdních kol
43%
Zákaz zastavení
43%
Konec zákazu předjíždění
36%
Zákaz odbočení vlevo
36%
Zákaz otáčení
36%
Zákaz předjíždění
36%
Zákaz vstupu chodců
29%
Konec zákazu zvukových výstražných znamení
21%
Zákaz vjezdu autobusů
21%
Zákaz vjezdu motocyklů
21%
Zákaz vjezdu traktorů
21%
Zákaz zvukových výstražných znamení
21%
Zákaz vjezdu motorových vozidel
14%
Zákaz vjezdu nákladních automobilů
14%
Zákaz vjezdu potahových vozidel
14%
Zákaz vjezdu ručních vozíků
14%
Zákaz vjezdu všech vozidel v obou směrech
14%
Konec nejvyšší dovolené rychlosti
7%
Konec všech zákazů
7%
Konec zákazu předjíždění pro nákladní automobily
7%
Nejvyšší dovolená rychlost
7%
Zákaz předjíždění pro nákladní automobily
7%
Zákaz vjezdu vozidel, jejichž okamžitá hmotnost překračuje vyznačenou mez
7%
Zákaz vjezdu vozidel, jejichž šířka překračuje vyznačenou mez
7%
Zákaz vjezdu vozidel, jejichž výška překračuje vyznačenou mez
7%
Zákaz vjezdu vozidel nebo souprav, jejichž délka překračuje vyznačenou mez
7%
Zákaz vjezdu vozidel přepravujících náklad, který může způsobit ohrožení životního prostředí
7%
Zákaz vjezdu vozidel přepravujících nebezpečný náklad
7%
Zákaz vjezdu všech vyznačených vozidel
7%
Jiný zákaz
0%
Nejmenší vzdálenost mezi vozidly
0%
Povinnost zastavit vozidlo
0%
Zákaz vjezdu motorových vozidel s přípojným vozidlem
0%
Zákaz vjezdu osobních přepravníků
0%
Zákaz vjezdu pro jezdce na zvířeti
0%
Zákaz vjezdu vozidel, jejichž okamžitá hmotnost připadající na nápravu překračuje vyznačenou mez
0%
Zákaz vjezdu všech motorových vozidel s výjimkou motocyklů bez postranního vozíku
0%
No matching quizzes found
Score Distribution
Percent of People with Each Score
Percentile by Number Answered
Your Score History
You have not taken this quiz